000 00286nam a22001217a 4500
008 181015b xxu||||| |||| 00| 0 eng d
041 _aeng
080 _26 ed
_a616.5
100 _a7
101 _aDER
245 _aManual Dermatologic Therapeuttics
_cArndt.K.A
942 _2udc
_cBK
999 _c49703
_d49703